000 00566nam a2200229Ia 4500
003 OSt
005 20220924132129.0
006 a|||||r|||| 00| 0
007 ta
008 220923b |||||||| |||| 00| 0 fre d
024 _a20663
037 _cTextual
040 _aARTS
_cARTS
_bfre
041 _2fre
_afre
082 _aO:3M042w, H9
100 _aVan Doren Mark
_954654
245 0 _aNathaniel Hawtorne
260 _c1949
650 _aENGLISH LITERATURE
942 _hO:3M042w, H9
_cTEXL
_2CC
999 _c429395
_d429395